Psychológia

Uložené v:
Podrobná bibliografia
Hlavný autor: Pardel, Tomáš
Médium: Kniha
Jazyk:Slovak
Vydavateľské údaje: Bratislava Psychodiagnostické a didaktické testy 1982
Tagy: Pridať tag
Žiadne tagy, Buďte prvý, kto otaguje tento záznam!

MARC

LEADER 00000nam a2200000 4500
001 c132221
005 20041019155254.5
041 0 |a slo 
044 |a SK 
245 1 0 |a Psychológia  |c Tomáš Pardel 
264 1 |a Bratislava  |b Psychodiagnostické a didaktické testy  |c 1982 
300 |a 489 s. 
100 1 |a Pardel, Tomáš